00345nam a22001217a 450000500170000000800410001704100150005808200120007324500520008526000350013730000250017265000260019720240214100040.0240212b |||||||| |||| 00| 0 eng d aAfrikaans  a349 TYD aTydskrif vir Hedendaagse Romeins-Hollandse Reg  aDurban : bButterworth, c1988 b134 pages ; c25 cm. aLegal practice bLaw